| 000 | 00569nam a2200241 a 4500 | ||
|---|---|---|---|
| 001 | nice12345678 | ||
| 003 | IN_TiNIC | ||
| 005 | 20260116012617.0 | ||
| 008 | 050524s1991 newa grp 000 0 eng | ||
| 020 |
_a _c150 |
||
| 082 | 0 | 0 |
_a291 _bBOS |
| 100 | _aBose, K S | ||
| 245 | _aTheory of Religious Thought. | ||
| 260 |
_aNew Delhi _bSterling Publishers _c1991 |
||
| 300 | _a134p | ||
| 500 | _aincludes index and biblioraphy | ||
| 505 | 2 | _aIndex | |
| 650 | _aComparative Religion | ||
| 700 | 1 | _aBose, K S | |
| 902 | _bSRS | ||
| 942 | _cBK | ||
| 999 |
_c7662 _d7662 |
||